Objets iconiques d'anime - Statistiques

Statistiques générales
  • Ce quiz a été pris 100 fois
  • Le résultat moyen est 9 sur 28
Statistiques - réponses
Par images Réponse % Correct
Poké Ball
96%
Death Note
85%
Pokédex
76%
Fruit du démon
74%
Chapeau de Paille de Luffy
71%
Dragon Ball
71%
Kunai
68%
Doigt de Sukuna
54%
Toupie Beyblade
54%
Escargophone
52%
Equipement tridimensionnel
45%
Grimoire
27%
Zanpakuto
25%
Armure d'or
15%
Clé céleste
13%
Eva
13%
Bandeau frontal
9%
Puzzle du Millenium
9%
La Flèche
7%
Cercle de transmutation
5%
Sabre du soleil
5%
Carte de Duel de Monstres
4%
Livre de Clow
4%
Anneau Vongola
2%
Death Scythe
2%
Dominator
1%
Epée astrale
1%
Sabre de Rin
0%
Aucun quiz correspondant
Distribution des résultats
% des personnes avec chaque résultat
Percentile par nombre de réponses
Votre historique - résultats
Vous n’avez pas pris ce quiz